zpět

Detail výsledku týmu

Kayak Beach Bar , Praha

Datum a čas kvízu

34.5 Celkem bodů Celkový počet nahraných bodů na tomto kvízu bez doplňovacích otázek.
4. Pořadí na kvízu Konečné umístění týmu na tomto kvízu.

Zaznamenané odpovědi

# Otázka Odpověď Body Výsledky
1. Jeden z ministrů české vlády m... Oto Klempíř 1
2. Premiérem které země se stal R... Nizozemska 1
3. Ve kterém městě v severozápadn... v Manchesteru 0
4. V pátek byla oznámena fúze dvo... Paramount (Skydance), Warner Bros. (Discovery) 1
5. Hokejový klub Dynamo Pardubice... B 1
6. Zatímco v českých atlasech ten... Iberové 1
7. Vyberte správné tvrzení týkají... B 0
8. Červeně vyznačená oblast na se... Baskicko, Bilbao 1
9. Jak se jmenuje portugalský mys... C 1
10. Poslední otázka se týká města... Porto 1